Normal view MARC view
  • Humayun Ahmad Muhammad Saad Ali Muhammad Wajeeh Ullah Kakar

Entry Personal Name

Number of records used in: 1

001 - CONTROL NUMBER

  • control field: 128177

003 - CONTROL NUMBER IDENTIFIER

  • control field: NUST

005 - DATE AND TIME OF LATEST TRANSACTION

  • control field: 20250311124805.0

008 - FIXED-LENGTH DATA ELEMENTS

  • fixed length control field: 250311|| aca||aabn | a|a d

040 ## - CATALOGING SOURCE

  • Original cataloging agency: NUST
  • Transcribing agency: NUST

100 ## - HEADING--PERSONAL NAME

  • Personal name: Humayun Ahmad Muhammad Saad Ali Muhammad Wajeeh Ullah Kakar

670 ## - SOURCE DATA FOUND

  • Source citation: Work cat.: (NUST): Humayun Ahmad Muhammad Saad Ali Muhammad Wajeeh Ullah Kakar, PR-SOF-2404-Remote Cloud-Based Inverter Monitroing and Troubleshooting, 2024.
© 2023 Central Library, National University of Sciences and Technology. All Rights Reserved.